| 000 | 00658nam a22001817a 4500 | ||
|---|---|---|---|
| 999 |
_c15573 _d15573 |
||
| 003 | AR-CdUCM | ||
| 008 | 190429b ||||| |||| 00| 0 esp d | ||
| 040 |
_aMUNICIPALIDAD PROVINCIAL DEL CUSCO _cBIBLIOTECA MUNICIPAL DEL CUSCO |
||
| 082 |
_a631.3 / _bC77 |
||
| 100 |
_aCooperaciòn Tècnica de Gobierno Suizo (COTESU) _934692 |
||
| 245 |
_aHerramientas e implementos agrìcolas en los Andes del Perù/ _cCooperaciòn Tècnica de Gobierno Suizo (COTESU) |
||
| 260 |
_aCusco : _bC.D.D.C., _c1986 |
||
| 300 |
_a84 paginas; _c20cm. |
||
| 650 |
_aAgricultura _9320 |
||
| 650 |
_aHerramientas de trabajo _934693 |
||
| 942 |
_2ddc _cLIBROS |
||
| 945 |
_aacrt _d2019-04-29 |
||